Gramática de la lengua española

Salvato in:
Dettagli Bibliografici
Autore principale: Pérez Rioja, José Antonio (Autore)
Natura: Libro
Lingua:spagnolo
Pubblicazione: Madrid Tecnos 1965
Edizione:6a. ed
Soggetti:
Tags: Aggiungi Tag
Nessun Tag, puoi essere il primo ad aggiungerne!!

MARC

LEADER 00000nam a2200000 a 4500
001 UCW4521
003 CL-VaPUC
008 900516e19650000SP |||||||||||||||||spa|d
082 0 4 |a 465  |b PER  |2 21 
100 0 |a Pérez Rioja, José Antonio  |e author  |9 309305 
245 1 0 |a Gramática de la lengua española 
250 |a 6a. ed 
300 |a 521 p 
942 |c BK 
945 |d 19900516 00:00:00 
260 |a Madrid  |b Tecnos  |c 1965 
650 0 |a Español gramática  |9 264564 
583 |a last modification  |c 19900516 00:00:00  |k Rodrigo Vera 
999 |c 218244  |d 218242 
952 |0 0  |1 0  |4 0  |6 465_000000000000000_PER_1965  |7 0  |8 A  |9 207413  |a BIBEDU  |b BIBEDU  |d 2019-11-15  |i 2751771  |o 465 PER 1965  |p 2751771  |r 2019-11-15  |w 2019-11-15  |y BK  |k LIT 
952 |0 0  |1 0  |4 0  |6 465_000000000000000_PER_1965  |7 0  |8 A  |9 207414  |a BIBEDU  |b BIBEDU  |d 2019-11-15  |i 275178K  |o 465 PER 1965  |p 275178K  |r 2019-11-15  |w 2019-11-15  |y BK  |k EDU 
952 |0 0  |1 0  |4 0  |6 465_000000000000000_PER_1965  |7 0  |8 A  |9 207415  |a BIBEDU  |b BIBEDU  |d 2019-11-15  |i 2751798  |o 465 PER 1965  |p 2751798  |r 2019-11-15  |w 2019-11-15  |y BK  |k LIT